| 000 | 00493nam a2200157 i 4500 | ||
|---|---|---|---|
| 001 | bg | ||
| 100 | 1 |
_aJassem, Wiktor _d(1922- ). |
|
| 245 | 0 |
_aComputer-aided classification of general British English monophthongs in monosyllabic words / _cW. Jassem, M. Krzyśko, P. Stolarski. |
|
| 260 |
_aWarszawa, _c1980. |
||
| 700 | 1 |
_aKrzyśko, Mirosław _d(1942- ). |
|
| 700 | 1 | _aStolarski, Przemysław. | |
| 040 | _cBPK | ||
| 041 | _apol | ||
| 942 | _cKS | ||
| 008 | s pl f |000 0 pol | ||
| 999 |
_c20879 _d20879 |
||
| 856 |
_uhttp://koha.tu.koszalin.pl/cgi-bin/koha/opac-detail.pl?biblionumber=20879 _yKatalog online BPK |
||